Anatomía y manual de disección de los rumiantes domésticos / (Record no. 77273)

MARC details
000 -LEADER
campo de control de longitud fija 00628nam a2200205 i 4500
001 - NÚMERO DE CONTROL
campo de control 77273
003 - IDENTIFICADOR DE NÚMERO DE CONTROL
campo de control ES-MaACL
005 - FECHA Y HORA DE LA ÚLTIMA TRANSACCIÓN
campo de control 20230906173136.0
007 - CAMPO FIJO DE DESCRIPCIÓN FÍSICA--INFORMACIÓN GENERAL
campo de control de longitud fija t|
008 - DATOS DE LONGITUD FIJA--INFORMACIÓN GENERAL
campo de control de longitud fija 041007s1967 sp ||||1| spa d
080 ## - NÚMERO DE LA CLASIFICACIÓN DECIMAL UNIVERSAL
Número de la Clasificación Decimal Universal 591.4
100 1# - ENTRADA PRINCIPAL--NOMBRE DE PERSONA
Nombre de persona Habel, Robert E.
9 (RLIN) 61371
245 10 - MENCIÓN DEL TÍTULO
Título Anatomía y manual de disección de los rumiantes domésticos /
Mención de responsabilidad, etc. Robert E. Habel ; [traducción, José Sandoval Juárez].
260 ## - PUBLICACIÓN, DISTRIBUCIÓN, ETC.
Lugar de publicación, distribución, etc. Zaragoza :
Nombre del editor, distribuidor, etc. Acribia,
Fecha de publicación, distribución, etc. [1967]
300 ## - DESCRIPCIÓN FÍSICA
Extensión 198 p. :
Otras características físicas il. ;
Dimensiones 22 cm.
650 #4 - PUNTO DE ACCESO ADICIONAL DE MATERIA--TÉRMINO DE MATERIA
Término de materia o nombre geográfico como elemento de entrada Anatomía animal.
9 (RLIN) 151728
650 ## - PUNTO DE ACCESO ADICIONAL DE MATERIA--TÉRMINO DE MATERIA
Término de materia o nombre geográfico como elemento de entrada Rumiantes.
9 (RLIN) 16954
700 1# - ENTRADA AGREGADA--NOMBRE PERSONAL
Nombre de persona Sandoval, J.
9 (RLIN) 103112
852 4# - LOCALIZACIÓN
Ubicación ES-MaACL
Número de control de estantería C-50454
Holdings
Estatus retirado Estado de pérdida Estado de daño No para préstamo Biblioteca de origen Biblioteca actual Ubicación en estantería Fecha de adquisición Fuente de adquisición Total de préstamos Signatura topográfica completa Código de barras Visto por última vez Precio de reemplazo Tipo de ítem Koha
        Biblioteca del Ateneo de Madrid Biblioteca del Ateneo de Madrid Depósito 2 17/01/2008     C-50454 1080850 23/02/2023 23/02/2023 Libro impreso